| 000 | 00000nam##2200000za#4500 |
| 001 | 9.571139 |
| 003 | CaOODSP |
| 005 | 20210624182558 |
| 007 | cr ||||||||||| |
| 008 | 150406|2009||||xxc|||||o f|0| 0 eng|d |
| 022 | |a1920-6615 |
| 040 | |aCaOODSP|beng |
| 043 | |an-cn--- |
| 086 | 1 |aA74-1/3-2009E-PDF |
| 110 | 1 |aCanada. |bAgriculture and Agri-Food Canada. |bInternational Markets Bureau. |
| 245 | 10|aConsumer trends : |h[electronic resource]|bpet food in Russia |
| 260 | |aOttawa - Ontario : |bAgriculture and Agri-Food Canada. |cDecember 2009. |
| 300 | |a8p.|bgraphs, tables |
| 490 | 1 |aMarket indicator report|x1920-6615 |
| 590 | |a11-31-Supp|b2011-12-13 |
| 775 | 08|tTendances de consommation : |w(CaOODSP)9.601776 |
| 830 | #0|aMarket indicator report,|x1920-6615|w(CaOODSP)9.506358 |
| 856 | 40|ahttp://publications.gc.ca|qPDF|s314 KB|uhttps://publications.gc.ca/collections/collection_2011/agr/A74-1-3-2009-eng.pdf |
| 986 | |aAAFC No. 11068E |